| 000 | 00485nam a22001937a 4500 | ||
|---|---|---|---|
| 003 | MPLRDC | ||
| 005 | 20220104125638.0 | ||
| 008 | 210129b ||||| |||| 00| 0 eng d | ||
| 020 | _a978-957-468-739-8 | ||
| 082 | _a415.87 LSY | ||
| 100 | _a刘淑玉 | ||
| 245 |
_a前列腺健康诊疗 _c |
||
| 250 | _a初版 | ||
| 260 |
_a台湾 _b大展出版社有限公司 _c2010 |
||
| 300 | _b222 | ||
| 490 | _a健康加油站: 40 | ||
| 650 | _a前列腺疾病 | ||
| 942 |
_cBK _o415.87 LSY |
||
| 999 |
_c29020 _d29010 |
||